Interpersonálne vzťahy učiteľ - žiak vo vzdelávaní

Bibliographic Details
Main Author: Gál, Jozef (Author)
Format: Book
Language:Slovak
PhysicalDescription:24 strán grafy 21 cm
Published: Banská Bystrica Metodické centrum 2002
ISBN:808041405X
Edition:3. vyd.
Subjects:

MARC

LEADER 00000nam a2200000 a 4500
001 vtls001450205
003 SK-MaSNL
005 20260302002240.0
008 240226s2002 xo d grfn 000 0 slo
015 |a SNBA2003/05-01626 
020 |a 808041405X 
035 |a SNK000405495 
035 |a urn:nbn:sk:snk-am3iq0b 
035 |a 9A99990A-8692-405B-BA32-E0A16822CCE3 
035 |a urn:nbn:sk:snk-am00fbtx 
040 |a SNK  |b slo  |c SNK  |e AACR2 
041 0 |a slo 
044 |a xo  |c SK 
072 7 |a 37  |x Výchova a vzdelávanie  |2 konspekt 
072 7 |a 316.4/.7  |x Sociálne interakcie  |2 konspekt 
080 |a 316.472.4  |2 2011 
080 |a 37.064.2  |2 2011 
080 |a 37.01/.09  |2 2011 
080 |a 316.77  |2 2011 
080 |a (072)  |2 2011 
100 1 |a Gál, Jozef  |4 aut  |9 11087 
245 1 0 |a Interpersonálne vzťahy učiteľ - žiak vo vzdelávaní  |c Jozef Gál 
250 |a 3. vyd. 
260 |a Banská Bystrica  |b Metodické centrum  |c 2002 
300 |a 24 strán  |b grafy  |c 21 cm 
366 |e 250 kusov 
504 |a Bibliografia na strane 24 
650 0 7 |a interpersonálne vzťahy  |2 SNKPH  |9 3770 
650 0 7 |a učiteľ a žiak  |2 SNKPH  |9 2637 
650 0 7 |a výchova a vzdelávanie  |2 SNKPH  |9 1684 
650 0 7 |a komunikácia  |2 SNKPH  |9 1362 
655 7 |a metodické príručky  |2 SNKPH  |9 70250 
919 |a 80-8041-405-X 
958 |a NB 
958 |a BQ 
958 |a TL 
958 |a OND 
999 |c 987194  |d 989124 
952 |t P60, <03>, [BOOK], {603}  |a SNK  |b SNK  |y PREZ  |7 0  |p 17A0375753  |o snkSC 110983  |i snkKSP 2887/2003  |0 0  |1 0  |4 0  |d 2003-02-25  |f 1  |l 0  |r 2025-10-01 00:00:00  |w 2026-02-24 
952 |t P60, <04>, [BOOK], {604}  |a SNK  |b SNK  |y VYP  |7 0  |p 17A0375754  |o snkSC 110983 D1  |i snkKSP 2888/2003  |0 0  |1 0  |4 0  |d 2003-02-25  |l 0  |r 2005-01-02 00:00:00  |w 2026-02-24